Ideový návrh špeciálneho manipulačno – technologického efektora pre priemyselné roboty : Bakalárska práca

Na minha lista:
Detalhes bibliográficos
Autor principal: Záhora, Samuel, 1989- (Author)
Outros Autores: Holubek, Radovan, 1984- (Thesis advisor)
Formato: Manuscrito Livro
Idioma:eslovaco
Publicado em: Trnava : STU v Bratislave MTF UVSM, 2011
Assuntos:
Acesso em linha:VAIS
Tags: Adicionar Tag
Sem tags, seja o primeiro a adicionar uma tag!

MARC

LEADER 00000ntm a22000003a 4500
001 stu228564
005 20160719160610.6
008 110629s2011----xo------------------slo-d
040 |a STU  |b slo 
041 0 |a slo 
044 |a xo 
100 1 |a Záhora, Samuel,  |d 1989-  |4 aut  |X 59745  |7 A000059745 
242 0 0 |a The conceptual design of special effector for handling industrial robots  |y eng 
245 1 |a Ideový návrh špeciálneho manipulačno – technologického efektora pre priemyselné roboty :  |b Bakalárska práca 
260 |a Trnava :  |b STU v Bratislave MTF UVSM,  |c 2011 
300 |a 45 s., CD-ROM 
650 7 |a industrial robot  |2 estusub 
650 7 |a end effector  |2 estusub 
650 7 |a chápadlo  |2 stusub 
650 7 |a priemyselný robot  |2 stusub 
650 7 |a koncový efektor  |2 stusub 
650 7 |a výrobné zariadenia a systémy  |2 stusub 
650 7 |a Production Devices and Systems  |2 estusub 
700 1 |a Holubek, Radovan,  |d 1984-  |4 ths  |u M2000  |U MTF Materiálovotechnologická fakulta  |T MTF Ústav výrobných systémov a aplikovanej mechaniky  |X 4311  |U M2000  |Y 82  |7 A000004311 
856 4 |a info a plný text  |u http://is.stuba.sk/zp/portal_zp.pl?podrobnosti=62045  |3 VAIS 
996 |c M*BP-5169  |l MMSKP  |s P  |a 0  |w stu228564_0001